| 000 | 00512nam a2200157 i 4500 | ||
|---|---|---|---|
| 001 | 32826 | ||
| 003 | ES-MaACL | ||
| 005 | 20230906154637.0 | ||
| 007 | t| | ||
| 008 | 030131s1952 sp ||||1| spa d | ||
| 100 | 1 |
_aBermejo Martínez, Francisco. _928112 |
|
| 245 | 1 | 4 |
_aLos cálculos numéricos en la Química analítica cualitativa / _cpor Francisco Bermejo Martínez. |
| 260 |
_aSantiago de Compostela : _b[s.n., _c1952] ( _fImp. Trufero) |
||
| 300 |
_a126 p. ; _c21 cm. |
||
| 852 |
_aES-MaACL _jD-9305 _bR.34580 |
||
| 999 |
_c32826 _d32826 |
||